000
00292nam a2200121Ia 4500
008
190723s9999 xx 000 0 und d
020
_a
978-81-265-6328-9
100
_a
Aliaksandr Bedrytski
245
0
_a
Professional Scala
260
_a
New Delhi
_b
Wiley
_c
2016
300
_a
222:p
942
_c
BK
999
_c
1569
_d
1569